Detalles MARC
| 000 -CABECERA |
| campo de control de longitud fija |
00811nam a2200301ua 4500 |
| 001 - NUMERO DE CONTROL |
| campo de control |
000477 |
| 003 - IDENTIFICADOR DE NUMERO DE CONTROL |
| campo de control |
armpcda |
| 008 - ELEMENTOS DE LONGITUD FIJA -- INFORMACION GENERAL |
| campo de control de longitud fija |
076020s2004 ||||||||||||||000 | spa|| |
| 020 ## - NUMERO INTERNACIONAL NORMALIZADO PARA LIBROS (ISBN) |
| International Standard Book Number |
9871135769 |
| 040 ## - FUENTE DE CATALOGACION |
| Agencia de catalogación original |
armpcda |
| Agencia que realiza la transcripción |
armpcda |
| 080 ## - NUMERO DE CLASIFICACION DECIMAL UNIVERSAL (CDU) |
| Número de la Clasificación Decimal Universal |
69.057 |
| 100 1# - ASIENTO PRINCIPAL--NOMBRE PERSONAL |
| Nombre personal |
Panaia, Marta |
| 245 10 - MENCION DE TITULO |
| Título propiamente dicho |
El sector de la construcción: |
| Parte restante del título |
un proceso de industrialización inconcluso/ |
| Mención de responsabilidad, etc. |
Marta Panaia. |
| 260 ## - PUBLICACION, DISTRIBUCION, ETC. (PIE DE IMPRENTA) |
| Lugar de publicación, distribución, etc. |
Buenos Aires: |
| Nombre del editor, distribuidor, etc. |
Nobuko, |
| Fecha de publicación, distribución, etc. |
2004. |
| 300 0# - DESCRIPCION FISICA |
| Extensión |
334 p. |
| Otros detalles físicos |
tablas ; 21 cm. |
| 650 #4 - ASIENTO SECUNDARIO DE MATERIA - TERMINO TEMATICO |
| Término temático o nombre geográfico como elemento de entrada |
CONSTRUCCION |
| 650 #4 - ASIENTO SECUNDARIO DE MATERIA - TERMINO TEMATICO |
| Término temático o nombre geográfico como elemento de entrada |
LEGISLACION LABORAL |
| 650 #4 - ASIENTO SECUNDARIO DE MATERIA - TERMINO TEMATICO |
| Término temático o nombre geográfico como elemento de entrada |
ARQUITECTURA |
| 650 #4 - ASIENTO SECUNDARIO DE MATERIA - TERMINO TEMATICO |
| Término temático o nombre geográfico como elemento de entrada |
INDUSTRIA DE LA CONSTRUCCION |
| 650 #4 - ASIENTO SECUNDARIO DE MATERIA - TERMINO TEMATICO |
| Término temático o nombre geográfico como elemento de entrada |
INDUSTRIALIZACION |
| 650 #4 - ASIENTO SECUNDARIO DE MATERIA - TERMINO TEMATICO |
| Término temático o nombre geográfico como elemento de entrada |
PRODUCCION |
| 650 #4 - ASIENTO SECUNDARIO DE MATERIA - TERMINO TEMATICO |
| Término temático o nombre geográfico como elemento de entrada |
GESTION |
| 650 #4 - ASIENTO SECUNDARIO DE MATERIA - TERMINO TEMATICO |
| Término temático o nombre geográfico como elemento de entrada |
ESTRUCTURA EMPRESARIAL |
| 650 #4 - ASIENTO SECUNDARIO DE MATERIA - TERMINO TEMATICO |
| Término temático o nombre geográfico como elemento de entrada |
MERCOSUR |
| 901 ## - LOCAL DATA ELEMENT A, LDA (RLIN) |
| a |
n |
| b |
m |
| 942 ## - ELEMENTOS AGREGADOS (KOHA) |
| Koha [default] item type |
LIBRO |
| Clasificación normalizada de Koha para alfabetizar |
_ |